Compiler design theory /

Guardado en:
Detalles Bibliográficos
Autores principales: Lewis, P.M (Autor), Rosenkranz, D.J (Autor), Stearns, R.E (Autor)
Formato: Libro
Lenguaje:inglés
Publicado: Reading : Addison-Wesley, 1976
Colección:The Systems Programming Series
Etiquetas: Agregar Etiqueta
Sin Etiquetas, Sea el primero en etiquetar este registro!

MARC

LEADER 00000nam a22000003a 4500
001 stu588
005 20150617225618.1
008 910611s1976----xxu-----------------eng-d
040 |a STU  |b slo 
041 0 |a eng 
044 |a xxu 
080 |a 681.3.04 
100 1 |a Lewis, P.M  |4 aut 
245 1 |a Compiler design theory /  |c [aut.] Lewis,P.M.; Rosenkranz,D.J.; Stearns,R.E 
260 |a Reading :  |b Addison-Wesley,  |c 1976 
300 |a 647 s 
700 1 |a Rosenkranz, D.J  |4 aut 
700 1 |a Stearns, R.E  |4 aut 
830 0 |a The Systems Programming Series 
996 |b 284IK06264  |c I*17C4474  |l II680  |s A  |a 24  |w stu588_0001